Pet direct : Student's book
This short course includes 40-50 hours of essential exam practice, tips and strategies to prepare students for the Cambridge ESOL PET examination. PET Direct prepares students for the Cambridge ESOL PET examination. The Student's Book contains 12 topic-based units, providing 40-50 hours of core...
Đã lưu trong:
| 主要作者: | |
|---|---|
| 格式: | 圖書 |
| 語言: | Undetermined |
| 出版: |
Cambridge
Cambridge University Press
2010
|
| 主題: | |
| 標簽: |
添加標簽
沒有標簽, 成為第一個標記此記錄!
|
| Thư viện lưu trữ: | Trung tâm Học liệu Trường Đại học Cần Thơ |
|---|
| LEADER | 01155nam a2200217Ia 4500 | ||
|---|---|---|---|
| 001 | CTU_198834 | ||
| 008 | 210402s9999 xx 000 0 und d | ||
| 082 | |a 428.24076 | ||
| 082 | |b I.65 | ||
| 100 | |a Ireland, Sue | ||
| 245 | 0 | |a Pet direct : | |
| 245 | 0 | |b Student's book | |
| 245 | 0 | |c Sue Ireland, Joanna Kosta | |
| 260 | |a Cambridge | ||
| 260 | |b Cambridge University Press | ||
| 260 | |c 2010 | ||
| 520 | |a This short course includes 40-50 hours of essential exam practice, tips and strategies to prepare students for the Cambridge ESOL PET examination. PET Direct prepares students for the Cambridge ESOL PET examination. The Student's Book contains 12 topic-based units, providing 40-50 hours of core material, and can be used as either a short intensive course or to accompany a general English course. The accompanying CD-ROM includes a full practice test, a step-by-step guide to the exam and the audio for the practice test included in the Workbook. | ||
| 650 | |a English language,Tiếng Anh | ||
| 650 | |x Examinations, questions, etc.,Kỳ thi, câu hỏi | ||
| 910 | |a Hải | ||
| 980 | |a Trung tâm Học liệu Trường Đại học Cần Thơ | ||